Таинственное болото

Bibliografische gegevens
Hoofdauteur: Инишева Л. И. Лидия Ивановна
Coauteur: Томский государственный педагогический университет (ТГПУ)
Samenvatting:В книге рассказано о болотах, их образовании и развитии, о растительности и животном мире болот России; о торфах, накопленных в послеледниковый период и продолжающих нарастать, их стратиграфии и свойствах; о зарастании и заилении озер, образовании и свойствах сапропеля.Большое внимание уделено вопросам роли болот в биосфере, хозяйственному использованию болот, торфа в земледелии, животноводстве, энергетике, медицине.Книга предназначена для любознательных молодых людей и широкого круга читателей, интересующихся природой и её жизнью.
Taal:Russisch
Gepubliceerd in: Томск, Изд-во ТГПУ, 2016
Onderwerpen:
Formaat: Boek
KOHA link:https://koha.lib.tpu.ru/cgi-bin/koha/opac-detail.pl?biblionumber=323898

MARC

LEADER 00000nam0a2200000 4500
001 323898
005 20231102003620.0
010 |a 9785894288017 
035 |a (RuTPU)RU\TPU\book\349486 
090 |a 323898 
100 |a 20161031d2016 km y0rusy50 ca 
101 0 |a rus 
102 |a RU 
105 |a a z 001zy 
200 1 |a Таинственное болото  |f Л. И. Инишева  |g Томский государственный педагогический университет (ТГПУ) 
210 |a Томск  |c Изд-во ТГПУ  |d 2016 
215 |a 107 с.  |c ил. 
320 |a Библиогр.: с. 107 
330 |a В книге рассказано о болотах, их образовании и развитии, о растительности и животном мире болот России; о торфах, накопленных в послеледниковый период и продолжающих нарастать, их стратиграфии и свойствах; о зарастании и заилении озер, образовании и свойствах сапропеля.Большое внимание уделено вопросам роли болот в биосфере, хозяйственному использованию болот, торфа в земледелии, животноводстве, энергетике, медицине.Книга предназначена для любознательных молодых людей и широкого круга читателей, интересующихся природой и её жизнью. 
606 1 |a Болота  |x Геология  |2 stltpush  |3 (RuTPU)RU\TPU\subj\75721  |9 87366 
610 1 |a биосфера 
610 1 |a эволюция 
610 1 |a оледенение 
610 1 |a торфяные болота 
610 1 |a земледелие 
610 1 |a осушение 
610 1 |a осушенные болота 
610 1 |a экология 
610 1 |a углеводород 
610 1 |a торф 
610 1 |a сельское хозяйство 
610 1 |a растительность 
610 1 |a археология 
675 |a 556.56  |v 4 
700 1 |a Инишева  |b Л. И.  |g Лидия Ивановна 
712 0 2 |a Томский государственный педагогический университет (ТГПУ)  |c (1995- )  |2 stltpush  |3 (RuTPU)RU\TPU\col\40 
801 1 |a RU  |b 63413507  |c 20161031 
801 2 |a RU  |b 63413507  |c 20181129  |g RCR 
942 |c BK